000 00277nam a2200133Ia 4500
100 _aMaruti
650 _aElectrical Engineering
942 _cBK
654 _aManual
245 _aService Manual 800 V/VT
260 _bMaruti Udyog Ltd.
546 _aENGLISH
999 _c34522
_d34522